LEADER 02101nam a2200445 a 4500 001 000000041082 003 CaOOAMICUS 005 20120717123657.0 008 980929m19989999it u000 u ita r 020 $a8802052956 020 $a978-88-598-0808-4 (v. 4) 035 $a10804511 040 $aMSA$bita$dPUL$dLDB 082 04$a346.45 100 1 $aMonateri, Pier Giuseppe.$0(OLS)http://pul/name/25059 245 13$aLe fonti delle obbligazioni /$cPier Giuseppe Monateri. 246 30$aResponsabilitą civile 260 $aTorino :$bUTET Giuridica,$c1998- 300 $av. ;$c25 cm 490 1 $aTrattato di diritto civile / diretto da Rodolfo Sacco 504 $aBibliografia in nota. 505 1 $aV. 3. La responsabilitą civile / Monateri. -- v. 4. Il contratto del consumatore / Pier Filippo Giuggioli. 650 4$aDiritto civile$zItalia.$0(OLS)http://pul/subject/3770 650 4$aResponsabilitą civile.$0(OLS)http://pul/subject/17546 650 4$aConsumo (diritto).$0(OLS)http://pul/subject/34336 700 1 $aGiuggioli, Pier Filippo.$0(OLS)http://pul/name/83039 740 32$aIl contratto del consumatore. 830 0$aTrattato di diritto civile / diretto da Rodolfo Sacco.$0(OLS)http://pul/title/131318 850 $aPUL 852 $aPUL$W1$xSL Diritto e Scienze Sociali 3$y79$m346. 45 SACRO 1.6,3$j55712$nBK-PRI$qDDC 21$B55712$CPULBib$Z2$F55712 $82 852 $aPUL$W1$xSL Diritto e Scienze Sociali 3$y79$m346. 45 SACRO 1.6.4$j150170$av. 4$qDDC 21$B148713$CPULBib$Z2$F148713 $H120436 $82 941 1 $a9 996 $6020$a8802052956$9(OLS)http://pul/number/51118 996 $6020$a978-88-598-0808-4 (v. 4)$9(OLS)http://pul/number/150315 996 $6082$a346.45$9(OLS)http://pul/classification/372 996 $6246$aResponsabilitą civile$9(OLS)http://pul/title/55425 996 $6245$aLe fonti delle obbligazioni$9(OLS)http://pul/title/59788 996 $6740$aIl contratto del consumatore$9(OLS)http://pul/title/163941 996 $6260$aTorino :$bUTET Giuridica$9(OLS)http://pul/publisher/79191 LEADER 01413nam a2200301 a 4500 001 000000145959 003 CaOOAMICUS 005 20150923094921.0 008 150923s2008 it u000 u ita r 020 $z9788821164422* 040 $aPUL$bita 245 03$aLa strada buona :$bappunti dopo Santiago /$ca cura di Paolo Asolan e Davide Gandini, Confraternita di San Jacopo di Compostella ; scritti di Paolo Caucci von Saucken ... [et al.]. 260 $aGenova ;$aMilano :$bMarietti,$c©2008. 300 $a270 p. ;$c21 cm 490 1 $aCollana di saggistica ;$v113 504 $aBibliografia in nota. 650 4$aPellegrini e pellegrinaggi$zSpagna$zSan Giacomo di Compostella.$0(OLS)http://pul/subject/38060 700 1 $aAsolan, Paolo,$csacerdote,$d1967-$0(OLS)http://pul/name/70710 700 1 $aGandini, Davide.$0(OLS)http://pul/name/93083 700 1 $aCaucci von Saucken, Paolo.$0(OLS)http://pul/name/14032 830 0$aCollana di saggistica ;$v113.$0(OLS)http://pul/title/20946 850 $aPUL 852 $aPUL$W1$xDP1 Fondo S. Lanza$y121$m9 A 3$j44519$qFondi$B169580$CPULBib$Z2$F169580 $HLan1906 $82 941 1 $a1 996 $6020$z9788821164422*$9(OLS)http://pul/number/158709 996 $6245$aLa strada buona :$bappunti dopo Santiago$9(OLS)http://pul/title/184552 996 $6260$aGenova ;$aMilano :$bMarietti$9(OLS)http://pul/publisher/74601